Normal view
MARC view
- Prof. N. Sarkar
Entry Personal Name
001 - CONTROL NUMBER
- control field: 772
003 - CONTROL NUMBER IDENTIFIER
- control field: NUST
005 - DATE AND TIME OF LATEST TRANSACTION
- control field: 20170515171038.0
008 - FIXED-LENGTH DATA ELEMENTS
- fixed length control field: 170515|| aca||aabn | a|a d
040 ## - CATALOGING SOURCE
- Original cataloging agency: NUST
- Transcribing agency: NUST
100 ## - HEADING--PERSONAL NAME
- Personal name: Prof. N. Sarkar
670 ## - SOURCE DATA FOUND
- Source citation: Work cat.: (NUST)24073: Prof. N. Sarkar, Elements of Digital Communication, c2003
